000 00328nam a22001337a 4500
008 180208b xxu||||| |||| 00| 0 eng d
020 _a0887441025
041 _aeng
080 _a61
100 _a3
101 _aSHM
245 _aCommunication augmentation a casebook of clinical management
_cBeukelman,D.R
942 _2udc
_cBK
999 _c42109
_d42109